000
00283nam a22001337a 4500
020
_a
9788131715055
082
_a
001.53
100
_a
patrick henry winston
245
_a
ARTIFICIAL INTELLIGENCE
250
_a
3RD ED.
260
_a
INDIA
_b
PEARSON
_c
1992
300
_a
737
942
_c
BK
999
_c
23291
_d
23291